Venite a me (Record n. 101788)

Dettagli MARC
000 -LEADER
fixed length control field 01203njm a2200313Ia 4500
001 - CONTROL NUMBER
control field A5736
003 - CONTROL NUMBER IDENTIFIER
control field IT-RoPAU
005 - DATE AND TIME OF LATEST TRANSACTION
control field 20220918181147.0
008 - FIXED-LENGTH DATA ELEMENTS--GENERAL INFORMATION
fixed length control field 131025s9999 xx 000 0 und d
040 ## - CATALOGING SOURCE
Original cataloging agency IT-RoPAU
040 ## - CATALOGING SOURCE
Transcribing agency IT-RoPAU
041 ## - LANGUAGE CODE
Language code of text/sound track or separate title ITALIANO
999 ## - SYSTEM CONTROL NUMBERS (KOHA)
Koha Dewey Subclass [OBSOLETE] n.d.
100 ## - MAIN ENTRY--PERSONAL NAME
Personal name Mariano Luigi
9 (RLIN) 28225
100 ## - MAIN ENTRY--PERSONAL NAME
Relator term Autore musica
9 (RLIN) 28226
100 ## - MAIN ENTRY--PERSONAL NAME
Miscellaneous information Codice autore musica SPICS: 23932
9 (RLIN) 28227
245 ## - TITLE STATEMENT
Title Venite a me
250 ## - EDITION STATEMENT
Edition statement 1a ed.
260 ## - PUBLICATION, DISTRIBUTION, ETC. (IMPRINT)
Place of publication, distribution, etc. ROMA
260 ## - PUBLICATION, DISTRIBUTION, ETC. (IMPRINT)
Name of publisher, distributor, etc. EP - MUSICALI E DISCOGRAFICHE
Date of publication, distribution, etc. 1992 [1a Ed.:1992 - Ed. Lingua Orig.: 1992]
300 ## - PHYSICAL DESCRIPTION
Extent MUSICASSETTA
300 ## - PHYSICAL DESCRIPTION
Dimensions 28 minuti (Testo: 0 pag.)
500 ## - GENERAL NOTE
General note Musica religiosa, liturgica. Messa per giovani assemblee.
505 ## - FORMATTED CONTENTS NOTE
Formatted contents note Dio dell'unità - Signore pietà - Gloria a Dio - Noi ti lodiamo - Alleluia, io sono la luce - Benedici questa vita - Santo - Pace alle genti - Venite a me - Mi insegnerai ad amare - Incontro a te
650 ## - SUBJECT ADDED ENTRY--TOPICAL TERM
Topical term or geographic name as entry element LITURGICO [CASSETTE]
Relator term Codice MATERIA SPICS: 9951
9 (RLIN) 5632
700 ## - ADDED ENTRY--PERSONAL NAME
Personal name Mariano Luigi
Relator term Autore testo e musica
Miscellaneous information Codice autore testo/musica SPICS: 23932
9 (RLIN) 28228
700 ## - ADDED ENTRY--PERSONAL NAME
Personal name Mariano Luigi
Miscellaneous information Codice interprete SPICS: 23932
Relator term Interprete
9 (RLIN) 28229
942 ## - ADDED ENTRY ELEMENTS (KOHA)
Koha item type MUSICASSETTE
Source of classification or shelving scheme Dewey Decimal Classification
Dati di copia
Withdrawn status Lost status Damaged status Not for loan Home library Current library Date acquired Total Checkouts Full call number Date last seen Price effective from Koha item type Public note
    Buone Condizioni Not For Loan SPICS-MEDIATECA SPICS-MEDIATECA 25/10/2013   A5736 25/10/2013 25/10/2013 MUSICASSETTE Progr. Ins.: 253 / N.Vol.: 1 / Copie: 1 - Copia rara: n.d. / date import: 01.01.2014 - By Epidotti, Trombetti, Vaglietti
CREDITS: SOCIETA' SAN PAOLO Via A.Severo, 58 - ROMA (RM) & PERIODICI SAN PAOLO SRL Via Giotto, 36 MILANO & CISF Via Giotto, 36 MILANO & EDIZIONI SAN PAOLO SRL,  Piazza Soncino, 5 CINISELLO BALSAMO (MI) -- ITALY